Les Oiseaux de Mon Jardin - Statistiques

Statistiques générales
  • Ce quiz a été pris 24 fois
  • Le résultat moyen est 14 sur 39
Statistiques - réponses
Par images Réponse % Correct
Mésange bleue
91%
Mésange charbonnière
77%
Merle noir
59%
Pic epeiche
59%
Étourneau sansonnet
55%
Pigeon ramier
55%
Canard colvert
50%
Mésange noire
50%
Corneille noire
45%
Pie bavarde
45%
Pinson des arbres
45%
Bergeronnette grise
41%
Cigogne blanche
41%
Buse variable
36%
Geai des chenes
36%
Grive musicienne
36%
Tourterelle turque
36%
Troglodyte mignon
36%
Hibou moyen duc
32%
Mésange à longue queue
32%
Mésange huppée
32%
Roitelet huppé
32%
Vanneau huppé
32%
Verdier d’europe
32%
Choucas des tours
27%
Grive draine
27%
Hirondelle rustique
27%
Sittelle torchepot
27%
Accenteur mouchet
23%
Coucou gris
23%
Faisan de colchide
23%
Faisan vénéré
23%
Fauvette à tête noire
23%
Grimpereau des jardins
23%
Pouillot veloce
23%
Inseparable
18%
Perdrix grise
18%
Perruche à collier
18%
Rougequeue noire
14%
Aucun quiz correspondant
Distribution des résultats
% des personnes avec chaque résultat
Percentile par nombre de réponses
Votre historique - résultats
Vous n’avez pas pris ce quiz